<?xml version="1.0" encoding="UTF-8"?>
<record
    xmlns:xsi="http://www.w3.org/2001/XMLSchema-instance"
    xsi:schemaLocation="http://www.loc.gov/MARC21/slim http://www.loc.gov/standards/marcxml/schema/MARC21slim.xsd"
    xmlns="http://www.loc.gov/MARC21/slim">

  <leader>01042nam a22002295i 4500</leader>
  <controlfield tag="001">165222</controlfield>
  <controlfield tag="003">ES-MaACL</controlfield>
  <controlfield tag="005">20250719063322.0</controlfield>
  <controlfield tag="008">990903s1895    sp           |||| | spa d</controlfield>
  <datafield tag="040" ind1=" " ind2=" ">
    <subfield code="a">CCPB | B </subfield>
    <subfield code="b">spa </subfield>
    <subfield code="c">CCPB | B</subfield>
  </datafield>
  <datafield tag="100" ind1="1" ind2=" ">
    <subfield code="a">Serpa Pimentel, Ant&#xF3;nio de,</subfield>
    <subfield code="d">1825-1900</subfield>
    <subfield code="e">aut</subfield>
    <subfield code="9">132658</subfield>
  </datafield>
  <datafield tag="245" ind1="1" ind2="3">
    <subfield code="a">El anarquismo :</subfield>
    <subfield code="b">estudio acerca de la cuesti&#xF3;n social / </subfield>
    <subfield code="c">por Antonio de Serpa Pimentel ; versi&#xF3;n castellana de Rafael &#xC1;lvarez Sereix.</subfield>
  </datafield>
  <datafield tag="260" ind1=" " ind2=" ">
    <subfield code="a">Madrid : </subfield>
    <subfield code="b">[s.n.], </subfield>
    <subfield code="c">1895</subfield>
    <subfield code="f">(Tip. de los Hijos de M.G. Hern&#xE1;ndez)</subfield>
  </datafield>
  <datafield tag="300" ind1=" " ind2=" ">
    <subfield code="a">87 p&#xE1;ginas ; </subfield>
    <subfield code="c">18 cm.</subfield>
  </datafield>
  <datafield tag="650" ind1=" " ind2="4">
    <subfield code="a">Anarquismo</subfield>
    <subfield code="2">embne</subfield>
    <subfield code="9">9783</subfield>
  </datafield>
  <datafield tag="650" ind1=" " ind2="4">
    <subfield code="a">Problemas sociales</subfield>
    <subfield code="2">embne</subfield>
    <subfield code="9">16415</subfield>
  </datafield>
  <datafield tag="700" ind1="1" ind2=" ">
    <subfield code="a">&#xC1;lvarez Sereix, Rafael,</subfield>
    <subfield code="d">1856-1946</subfield>
    <subfield code="e">trl</subfield>
    <subfield code="9">20966</subfield>
  </datafield>
  <datafield tag="852" ind1=" " ind2=" ">
    <subfield code="a">ES-MaACL</subfield>
    <subfield code="c">DEPOF</subfield>
    <subfield code="g">Dedic. ms. de Rafael &#xC1;lvarez Sereix a la Biblioteca del Ateneo </subfield>
    <subfield code="h">Donativo de Rafael &#xC1;lvarez Sereix </subfield>
    <subfield code="j">T-875-F-4 </subfield>
    <subfield code="x">Enc. en un vol. facticio</subfield>
    <subfield code="x">Holandesa, conservando cub. original </subfield>
  </datafield>
  <datafield tag="942" ind1=" " ind2=" ">
    <subfield code="2">udc</subfield>
    <subfield code="c">FOLLETOS</subfield>
    <subfield code="n">0</subfield>
  </datafield>
  <datafield tag="999" ind1=" " ind2=" ">
    <subfield code="c">165222</subfield>
    <subfield code="d">165222</subfield>
  </datafield>
  <datafield tag="952" ind1=" " ind2=" ">
    <subfield code="0">0</subfield>
    <subfield code="1">0</subfield>
    <subfield code="2">udc</subfield>
    <subfield code="4">0</subfield>
    <subfield code="7">0</subfield>
    <subfield code="8">Colecci&#xF3;n_de_folletos</subfield>
    <subfield code="a">ATENEOM</subfield>
    <subfield code="b">ATENEOM</subfield>
    <subfield code="c">DEPOF</subfield>
    <subfield code="d">2008-01-17</subfield>
    <subfield code="e">DONACION</subfield>
    <subfield code="l">0</subfield>
    <subfield code="o">T-875-F-4</subfield>
    <subfield code="p">1173252</subfield>
    <subfield code="r">2023-02-23 00:00:00</subfield>
    <subfield code="y">FOLLETOS</subfield>
    <subfield code="z">Dedicatoria aut&#xF3;grafa de Rafael &#xC1;lvarez Sereix </subfield>
  </datafield>
</record>
